La política de desarrollo de comunidad Europea de África en el marco de los convenios de Lomé / (Record no. 4983)

000 -CABECERA
fixed length control field 00967nam a22002297a 4500
003 - IDENTIFICADOR DEL NÚMERO DE CONTROL
control field AR-CdUCM
008 - DATOS DE LONGITUD FIJA--INFORMACIÓN GENERAL
fixed length control field 190311b ||||| |||| 00| 0 spa d
020 ## - NÚMERO INTERNACIONAL ESTÁNDAR DEL LIBRO
ISBN 8472326136
040 ## - FUENTE DE LA CATALOGACIÓN
Agencia/entidad que catalogó originalmente la obra MUNICIPALIDAD PROVINCIAL DEL CUSCO
Entidad que transcribió la catalogación BIBLIOTECA MUNICIPAL DEL CUSCO
082 ## - NÚMERO DE LA CLASIFICACIÓN DECIMAL DEWEY
No. de Clasificación 342.14 /
Notacion interna M28
100 ## - ENTRADA PRINCIPAL--NOMBRE DE PERSONA
Nombre Personal Matala Kabangu, Tshimpanga
245 ## - MENCIÓN DE TÍTULO
Título La política de desarrollo de comunidad Europea de África en el marco de los convenios de Lomé /
260 ## - PUBLICACIÓN, DISTRIBUCIÓN, ETC.
Lugar de publicación, distribución, etc. Madrid :
Nombre de la editorial, distribuidor, etc. Agencia de cooperación internacional,
Fecha de publicación, distribución, etc. 1991.
300 ## - DESCRIPCIÓN FÍSICA
Nº de Páginas Extensión 279 páginas ;
Dimensiones 24 cm.
505 ## - NOTA DE CONTENIDO CON FORMATO
Nota de contenido formateada La comunidad europea en los estados ACP como actores de una sociedad internacional en itación -- La CE y la integración europea -- La génesis de la integración europea...
650 ## - PUNTO DE ACCESO ADICIONAL DE MATERIA--TÉRMINO DE MATERIA
Descriptor Integración europea.
9 (RLIN) 15262
650 ## - PUNTO DE ACCESO ADICIONAL DE MATERIA--TÉRMINO DE MATERIA
Descriptor Políticas de desarrollo.
9 (RLIN) 15263
650 ## - PUNTO DE ACCESO ADICIONAL DE MATERIA--TÉRMINO DE MATERIA
Descriptor África.
9 (RLIN) 1289
700 ## - PUNTO DE ACCESO ADICIONAL--NOMBRE DE PERSONA
Nombre Personal Valenzuela Marzo, Fernando (prologo)
9 (RLIN) 15264
942 ## - ELEMENTOS DE PUNTO DE ACCESO ADICIONAL (KOHA)
Fuente de clasificación
Tipo de item Libros-BMC
945 ## - PROCESAMIENTO DE INFORMACIÓN LOCAL (OCLC)
Catalogador wfj
Holdings
Estado de retiro (separado) Fuente de clasificación o esquema de estanterías Estado dañado Ubicación Sala donde se ubica Nombre de la colección Fecha de adquisición o compra Costo, precio normal en soles Signatura topográfica Código de Barras Última vez visto (Koha) Tipo de ítem (Koha)
No     Sala Humanidades Sala Humanidades Book Cart 2019-03-11 40.00 342.14 / M28 SH0000005115 2019-03-11 Libros-BMC

Powered by Koha